Score 0/48 Timer 03:00
1 Play Today
% Correct
chompers
100%
bare; nude
100%
mindful; cognizant
100%
livestock bedding
100%
wear away
100%
go in
100%
lacking courage
100%
Hispaniola nation
100%
apparition
100%
upper leg
100%
rot-resistant wood
100%
hockey venue
100%
stretch; extend
100%
trunk; lidded box
100%
compact
100%
two and five
100%
standard of perfection
100%
Hawaiian greeting
100%
express verbally
100%
brink; cusp
100%
start a tennis game
100%
draw out
100%
ganders, eg
100%
touch or smell, eg
100%
% Correct
THIGH
88.9%
TEETH
87.6%
ALOHA
87%
SEVEN
84.6%
ENTER
84%
NAKED
79.8%
GHOST
79%
SENSE
77.9%
SERVE
73.4%
ERODE
73.4%
ARENA
71.5%
HAITI
69%
STATE
61.7%
TIMID
60.9%
VERGE
58.5%
STRAW
57.9%
IDEAL
56.2%
AWARE
56%
CHEST
55.5%
GEESE
55.2%
DENSE
47.5%
REACH
46.6%
CEDAR
35.8%
EDUCE
30.1%

You're not logged in!

Compare scores with friends on all Sporcle quizzes.
OR
Log In

Sporcle TV

Today on Sporcle TV


Watch our educational content, quiz creation guides, and fun videos on Sporcle TV.

Show Comments

Extras

Top Quizzes Today


Score Distribution

Paid Content

Your Account Isn't Verified!

In order to create a playlist on Sporcle, you need to verify the email address you used during registration. Go to your Sporcle Settings to finish the process.

Report this User

Report this user for behavior that violates our Community Guidelines.

Details: